Discursos leídos ante la Academia de la Historia, (Record no. 171054)

MARC details
000 -LEADER
campo de control de longitud fija 01704nam a2200169 i 4500
001 - NÚMERO DE CONTROL
campo de control 171054
003 - IDENTIFICADOR DE NÚMERO DE CONTROL
campo de control ES-MaACL
005 - FECHA Y HORA DE LA ÚLTIMA TRANSACCIÓN
campo de control 20230906214528.0
008 - DATOS DE LONGITUD FIJA--INFORMACIÓN GENERAL
campo de control de longitud fija 090424s19441945sp |||| | spa d
080 ## - NÚMERO DE LA CLASIFICACIÓN DECIMAL UNIVERSAL
Número de la Clasificación Decimal Universal 94(460)
110 2# - ENTRADA PRINCIPAL--NOMBRE DE ENTIDAD CORPORATIVA
Nombre de entidad corporativa o nombre de jurisdicción como elemento de entrada Real Academia de la Historia (España)
9 (RLIN) 6309
245 10 - MENCIÓN DEL TÍTULO
Título Discursos leídos ante la Academia de la Historia,
Fechas extremas/inclusivas 1944-1945 /
Mención de responsabilidad, etc. Real Academia de la Historia.
260 ## - PUBLICACIÓN, DISTRIBUCIÓN, ETC.
Lugar de publicación, distribución, etc. Madrid :
Nombre del editor, distribuidor, etc. [s.n.],
Fecha de publicación, distribución, etc. 1944 (
Fabricante Imp. de la Revista de Archivos, Bibliotecas y Museos)
300 ## - DESCRIPCIÓN FÍSICA
Extensión 1 v. ;
Dimensiones 25 cm.
505 8# - NOTA DE CONTENIDO CON FORMATO
Nota de contenido con formato Contiene: La emancipación de América y su reflejo en la conciencia española / Melchor Fernández Almagro (86 p.). Contestación / Duque de Maura (p. 97-131). Una reina de España en la intimidad, Isabel de Valois; Necrología de D. Bernardino de Melgar y Abreu, Marqués de San Juan de Piedras Albas / Agustín González de Amezúa y Mayo (97 p.). Contestación / Eloy Bullón y Fernández, Marqués de Selva Alegre (p. 99-122). Las jornadas del cardenal Don Rodrigo de Castro Osorio / Armando Cotarelo Valledor (80 p.). Contestación / Eloy Bullón y Fernández (p. 81-102). Austrias y Albrets ante la incorporación de Navarra a Castilla; Nota biográfica de D. Francisco Rodríguez Marín / Conde de Rodezno (76 p.+ h. de lám.). Contestación / Marqués del Saltillo (p. 77-91). Bandas y guerrillas en las luchas con Roma / Antonio García Bellido (68 p.). Contestación / Elias Tormo y Monzó (p. 69-93). El Conde de Aranda en su embajada a Francia (años 1773-1787) / Miguel Gómez del Campillo (129 p. + 1 h. de lám.). Contestación / Mercedes Gaibrois Riaño de Ballesteros (p. 131-145).
852 ## - LOCALIZACIÓN
Ubicación ES-MaACL
Número de control de estantería K-136
Nota libre - Enc. en pasta española
Encuadernación Olim: F-M-III-H
Holdings
Estatus retirado Estado de pérdida Estado de daño No para préstamo Biblioteca de origen Biblioteca actual Ubicación en estantería Fecha de adquisición Total de préstamos Signatura topográfica completa Código de barras Visto por última vez Precio de reemplazo Tipo de ítem Koha
        Biblioteca del Ateneo de Madrid Biblioteca del Ateneo de Madrid Administración 24/04/2009   K-136 1179518 23/02/2023 23/02/2023 Libro impreso